| 000 | 00677nam a2200193 4500 | ||
|---|---|---|---|
| 008 | 030806r19891943nyu 000 0 eng | ||
| 020 | _a0020867506 :USD3.95 | ||
| 090 |
_aBR123 _bL58ca |
||
| 100 | 1 |
_aLewis, C. S. _q(Clive Staples), _d1898-1963. |
|
| 240 | 0 | 0 | _aBroadcast talks |
| 245 | 1 | 4 |
_aThe case for Christianity / _cby C.S. Lewis. |
| 260 |
_aNew York : _bCollier Books, _c1989. |
||
| 300 |
_a56 p. ; _c21 cm. |
||
| 500 | _a"Published in England under the title: Broadcast talks." | ||
| 500 | _aPreviously published: New York : Macmillan, 1943. | ||
| 650 | 4 | _aChristianity. | |
| 650 | 4 | _aEthics. | |
| 951 |
_p13756 _x00007180 _oBR123/L58ca _j070613111302859 _d2000-12-21 _cGC |
||
| 999 |
_c16465 _d16465 |
||